00833nam a22002177a 450000500170000001000150001702000230003202000260005503500130008103700130009408200080010710000240011524500850013925000150022426000450023927000840028430000270036850000190039550501870041465000140060120100818162151.0 aENG-100739 c735.00a8173814414 c735.00a9788173814419 aEN-84272 bDBAD/PUB a547 aGhosh, Sachin Kumar aAdvanced general organic chemistry :cby Sachin Kumar Ghoshba modern approach / a3rd.rev.ed aNew DelhibNew Central Book Agencyc2009 bNew Delhia4262/3 1st Floor, Flat Nos.105 &106, Ansari Road, Daryaganj e110002 axv, 1813p.c24cm (pbk) aincludes index aPt.2- General chemistry of hydrocarbons, heterocycles (with one heteroatom)functional groups, planning A synthesis, amino acids, peptides, protiens, nucleic acids and carbohydrates  aChemistry